00463nam a2200145Ia 4500008004100000020001800041082001400059100003000073245002700103260001400130500002000144942000700164952013100171999001500302260604s9999 xx 000 0 und d a9781032736341 a174.4 STE aAbraham stefanidis935687 0aGlobal Business Ethics bRoutledge aBusiness Ethics cBK 00104070aIIMVbIIMVcLOCKERd2026-06-04g15990.75l0o174.4 STEp004129r2026-06-04 10:20:34v15990.75w2026-06-04yBKBSTE c8511d8511